[Event "Challenge"]
[Site "http://www.queenalice.com/game.php?id=756385"]
[Date "2010.4.4"]
[Round "-"]
[White "Knight1"]
[Black "Melted"]
[Result "0-1"]
[WhiteElo "1931"]
[BlackElo "1962"]

1. e4 e5 2. Nf3 Nc6 3. Nc3 Nf6 4. d4 exd4 5. Nxd4 Bb4 6. Nxc6 dxc6 7. Qxd8+ Kxd8
8. Bd2 Be6 9. Bd3 Bc5 10. O-O Ng4 11. Na4 Bd6 12. f4 b5 13. h3 bxa4 14. hxg4
Bxg4 0-1

[Event "Challenge"]
[Site "http://www.queenalice.com/game.php?id=756506"]
[Date "2010.4.5"]
[Round "-"]
[White "Marlu"]
[Black "Melted"]
[Result "0-1"]
[WhiteElo "1465"]
[BlackElo "1996"]

1. d4 d5 2. Nc3 Nf6 3. Bf4 c6 4. Bxb8 Rxb8 5. e3 c5 6. dxc5 e5 7. Nf3 Bxc5 8.
Bb5+ Bd7 9. Nxe5 Bxb5 10. Nxb5 Ne4 11. Qf3 Qa5+ 12. Nc3 O-O 13. O-O Qd8 14. Rad1
Ng5 15. Rxd5 Nxf3+ 16. Nxf3 Qa5 17. Ne4 b6 18. a3 Qa4 19. Nxc5 bxc5 20. Rxc5
Rxb2 21. Nd4 Qxa3 22. Rc6 Qa4 23. Rd1 Rd8 24. h3 Rxd4 25. Rxd4 Qa1+ 26. Kh2 h6
27. Rc8+ Kh7 28. Kg3 Qb1 29. c3 Qg6+ 30. Rg4 Qf5 31. f3 Qxc8 32. c4 Qe6 33. c5
Qxe3 34. c6 g5 35. Re4 Qf2+ 36. Kg4 Rb5 37. Re7 Qh4# 0-1

[Event "Challenge"]
[Site "http://www.queenalice.com/game.php?id=756814"]
[Date "2010.4.5"]
[Round "-"]
[White "waldi"]
[Black "Melted"]
[Result "0-1"]
[WhiteElo "1693"]
[BlackElo "1863"]

1. d4 d5 2. c4 Nf6 3. Nc3 e6 4. Bg5 Bb4 5. Qa4+ Nc6 6. Nf3 O-O 7. e3 h6 8. Bh4
Be7 9. c5 Bd7 10. Qb3 b6 11. cxb6 axb6 12. Bd3 Nb4 13. Bxf6 Nxd3+ 14. Ke2 Bxf6
15. Kxd3 c5 16. Ke2 cxd4 17. Nxd4 e5 18. Nc2 Ra5 0-1

[Event "Platense"]
[Site "http://www.queenalice.com/game.php?id=766315"]
[Date "2010.4.25"]
[Round "-"]
[White "Melted"]
[Black "Equiferus"]
[Result "0-1"]
[WhiteElo "1923"]
[BlackElo "2038"]

1. d4 Nf6 2. c4 e6 3. Nc3 Bb4 4. Nf3 O-O 5. e3 Ne4 6. Qc2 Nxc3 7. bxc3 Ba5 8.
Bd3 g6 9. O-O d5 10. e4 dxe4 11. Bxe4 c6 12. Bg5 f6 13. Bh6 f5 14. Bd3 Re8 15.
Rfe1 c5 16. d5 Qd6 17. Re5 Nd7 18. dxe6 Nxe5 19. Nxe5 Qxe5 20. Qa4 Qxe6 21. Qxa5
b6 22. Qa3 Bb7 23. Bg5 a5 24. Bf1 Ba6 25. Qb3 Kg7 26. Rb1 Rab8 27. Bd3 h6 28.
Bf4 Rbd8 29. Bf1 Qc6 30. Qxb6 Qxb6 31. Rxb6 Bxc4 32. Bxc4 Rd1+ 33. Bf1 Ree1 34.
g3 Rxf1+ 35. Kg2 Rg1+ 36. Kh3 g5 37. Be5+ Kh7 38. Rb7+ Kg6 39. Rb6+ Kh5 40. Bg7
g4# 0-1

[Event "Challenge"]
[Site "http://www.queenalice.com/game.php?id=766615"]
[Date "2010.4.26"]
[Round "-"]
[White "Melted"]
[Black "jm47"]
[Result "0-1"]
[WhiteElo "1963"]
[BlackElo "1903"]

1. d4 Nf6 2. c4 e6 3. Nc3 d5 4. Nf3 Nc6 5. e3 Bb4 6. Bd3 dxc4 7. Bxc4 O-O 8. O-O
Ne7 9. Bd2 a5 10. Qc2 Ng6 11. e4 c6 12. h3 Nh5 13. a3 Be7 14. Ne2 b6 15. e5 Bb7
16. Qe4 Qc7 17. Qg4 b5 18. Bd3 c5 19. Qxh5 cxd4 20. Nexd4 Rad8 21. Rac1 Qb6 22.
Be3 Qa6 23. a4 Bxf3 0-1

[Event "Challenge"]
[Site "http://www.queenalice.com/game.php?id=766674"]
[Date "2010.4.26"]
[Round "-"]
[White "Samelo"]
[Black "Melted"]
[Result "0-1"]
[WhiteElo "1664"]
[BlackElo "1993"]

1. d4 d5 2. Nf3 Nf6 3. c4 e6 4. Nc3 Be7 5. Bg5 Nc6 6. e3 O-O 7. cxd5 exd5 8. Qb3
Na5 9. Qb5 c6 10. Qd3 h6 11. Bf4 Nh5 12. Be2 Nc4 13. O-O Nxb2 14. Qc2 Nc4 15. a4
Be6 16. Ne5 Nxf4 17. exf4 Nxe5 18. fxe5 c5 19. dxc5 Bxc5 0-1

[Event "Challenge"]
[Site "http://www.queenalice.com/game.php?id=766752"]
[Date "2010.4.26"]
[Round "-"]
[White "Samelo"]
[Black "Melted"]
[Result "0-1"]
[WhiteElo "1667"]
[BlackElo "1990"]

1. d4 d5 2. Nf3 Nf6 3. c4 e6 4. Nc3 Be7 5. Bg5 Nc6 6. e3 O-O 7. cxd5 exd5 8. Qb3
Be6 9. Bd3 h6 10. Bh4 Nb4 11. Qd1 c5 12. dxc5 Rc8 13. a3 Nxd3+ 14. Qxd3 Rxc5 15.
O-O Qd6 16. Bg3 Qa6 17. Qxa6 bxa6 18. Nd4 Rc4 19. Rac1 Rfc8 20. Nxe6 fxe6 0-1

[Event "Challenge"]
[Site "http://www.queenalice.com/game.php?id=767745"]
[Date "2010.4.28"]
[Round "-"]
[White "Rubens2009"]
[Black "Melted"]
[Result "0-1"]
[WhiteElo "1835"]
[BlackElo "1923"]

1. e4 e5 2. Nf3 Nc6 3. Bc4 Bc5 4. c3 Nf6 5. d3 O-O 6. O-O Bb6 7. Bg5 d6 8. h3 h6
9. Bh4 Bd7 10. Nbd2 Qe7 11. Bd5 g5 12. Bg3 Nh5 13. Bh2 Nf6 14. Bb3 a5 15. Nc4
Ba7 16. Nfd2 g4 17. hxg4 b5 18. Ne3 Bxe3 19. fxe3 Nxg4 20. Qe1 Be6 21. Bxe6 fxe6
22. Qg3 Qg5 23. Nf3 Qxe3+ 24. Kh1 h5 25. Qh4 Qh6 26. Bg3 Ne3 27. Rf2 Rf6 28.
Qg5+ Qxg5 29. Nxg5 Raf8 30. Rxf6 Rxf6 31. Bh4 Rf4 32. g3 Rf6 33. Re1 Ng4 34. Nh3
Rf3 35. Rd1 Rf2 36. Ng5 Rxb2 37. Nxe6 Nf2+ 0-1

[Event "Challenge"]
[Site "http://www.queenalice.com/game.php?id=767750"]
[Date "2010.4.28"]
[Round "-"]
[White "Melted"]
[Black "Rubens2009"]
[Result "1-0"]
[WhiteElo "1977"]
[BlackElo "1889"]

1. d4 d5 2. Nc3 e6 3. Nf3 Nc6 4. e4 Bb4 5. e5 Nge7 6. a3 Bxc3+ 7. bxc3 O-O 8.
Bd3 f6 9. exf6 Rxf6 10. Bg5 Rf7 11. O-O Qf8 12. Bd2 Nf5 13. g4 Nd6 14. Ng5 Re7
15. Bxh7+ Kh8 16. f4 Nf7 17. Rf3 Nxg5 18. fxg5 Rf7 19. Rh3 Rf2 20. Bg6+ Kg8 21.
Qe1 Rf3 22. Rh8+ Kxh8 23. Qh4+ 1-0

[Event "Challenge"]
[Site "http://www.queenalice.com/game.php?id=772941"]
[Date "2010.5.8"]
[Round "-"]
[White "Claudemir"]
[Black "Melted"]
[Result "1-0"]
[WhiteElo "2041"]
[BlackElo "1935"]

1. e4 e5 2. Nf3 Nc6 3. Bb5 Nf6 4. O-O Bc5 5. d3 d5 6. Nxe5 O-O 7. Nxc6 bxc6 8.
Bxc6 Ng4 9. d4 Qd6 10. e5 Qxc6 11. dxc5 Qxc5 12. Bf4 Re8 13. Nc3 c6 14. h3 Nxe5
15. Re1 f6 16. Be3 Qd6 17. Ne4 Qb8 18. Nc5 1-0

[Event "AUTO-OPEN-1782"]
[Site "http://www.queenalice.com/game.php?id=777883"]
[Date "2010.5.19"]
[Round "2"]
[White "joaoreis001"]
[Black "Melted"]
[Result "0-1"]
[WhiteElo "1733"]
[BlackElo "2004"]

1. e4 e5 2. d3 Nc6 3. Nf3 Nf6 4. Bg5 d5 5. Nc3 d4 6. Bxf6 gxf6 7. Nd5 Be6 8. c3
Bxd5 9. exd5 Qxd5 10. c4 Qe6 11. g3 Bb4+ 12. Nd2 e4 13. Qe2 e3 0-1

[Event "AUTO-OPEN-1782"]
[Site "http://www.queenalice.com/game.php?id=777884"]
[Date "2010.5.19"]
[Round "2"]
[White "Melted"]
[Black "joaoreis001"]
[Result "1-0"]
[WhiteElo "1998"]
[BlackElo "1739"]

1. d4 e6 2. e4 c5 3. d5 d6 4. Nc3 e5 5. f4 Nd7 6. Nf3 exf4 7. Bxf4 Ngf6 8. Be2
Ng4 9. h3 Ngf6 10. O-O Qb6 11. Nd2 Qxb2 12. Rf3 Ne5 13. Bxe5 1-0

[Event "Challenge"]
[Site "http://www.queenalice.com/game.php?id=782777"]
[Date "2010.5.29"]
[Round "-"]
[White "Melted"]
[Black "KLEOJ"]
[Result "0-1"]
[WhiteElo "2009"]
[BlackElo "2074"]

1. d4 d5 2. Nf3 Nc6 3. Bf4 Bg4 4. e3 e6 5. Nc3 Bd6 6. h3 Bh5 7. g4 Bg6 8. Bb5
Ne7 9. Qe2 O-O 10. O-O-O a6 11. Bxc6 Nxc6 12. h4 h6 13. g5 h5 14. a3 b5 15. Ne5
Nxe5 16. dxe5 Be7 0-1

[Event "Challenge"]
[Site "http://www.queenalice.com/game.php?id=789100"]
[Date "2010.6.12"]
[Round "-"]
[White "Melted"]
[Black "eddval"]
[Result "0-1"]
[WhiteElo "1996"]
[BlackElo "2096"]

1. d4 Nf6 2. Nf3 e6 3. g3 b6 4. Nc3 Bb4 5. Bg2 Bb7 6. O-O O-O 7. Bf4 Bxc3 8.
bxc3 d6 9. c4 Nbd7 10. Qd3 Re8 11. Rfd1 Qe7 12. Qa3 h6 13. Rab1 e5 14. dxe5 dxe5
15. Qxe7 Rxe7 0-1

[Event "Challenge"]
[Site "http://www.queenalice.com/game.php?id=792756"]
[Date "2010.6.20"]
[Round "-"]
[White "Melted"]
[Black "Marlu"]
[Result "0-1"]
[WhiteElo "1872"]
[BlackElo "1518"]

1. d4 d5 2. c4 dxc4 3. e4 e6 4. Nc3 Bb4 5. Qa4+ Nc6 6. d5 Bxc3+ 7. bxc3 exd5 8.
e5 Qe7 9. Nf3 Bd7 10. Be2 Nb4 11. Qxb4 h6 12. Qxb7 Qd8 13. Qxd5 Ne7 14. Qxc4 a6
15. O-O O-O 16. Ba3 Be6 17. Qb4 Re8 18. Rad1 Qc8 19. Nd4 Rb8 20. Qa4 Ra8 21.
Nxe6 fxe6 22. Rd7 Ng6 23. f4 Qb7 24. Bf3 Qb6+ 25. Kh1 Qe3 26. Bxa8 Rxa8 27. g3
Qxc3 28. Qe4 Nf8 29. Qxa8 Qxa3 0-1